| 000 | 00750cam a22002531 4500 | ||
|---|---|---|---|
| 001 | 13654 | ||
| 003 | BD-RjUL | ||
| 005 | 20211208235505.0 | ||
| 008 | 140201s19721965nyua b 001 0 eng | ||
| 035 | _a(BD-RjUL)13706 | ||
| 040 |
_aDLC _cDLC _dDLC _beng |
||
| 041 | _aeng | ||
| 082 | 0 | 0 |
_a617.21 _bBOP 1973 |
| 100 | 1 |
_aBordicks, Katherine J. _942734 |
|
| 245 | 1 | 0 |
_aPatterns of shock : _bimplications for nursing care / _cKatherine J. Bordicks. |
| 260 |
_aNew York : _bMacmillan , _c[c1965] Reprinting 1972 |
||
| 300 |
_axx, 168 p. : _billus. (part col.) ; _c25 cm. |
||
| 504 | _aIncludes index and bibliographies. | ||
| 650 | 0 |
_aShock. _927885 |
|
| 650 | 0 |
_aNursing. _942735 |
|
| 942 |
_2ddc _cBK |
||
| 999 |
_c13654 _d13654 |
||